000 00853nam a2200169 a 4500
008 120416s1990 ||||||||||||||||| || u
020 _a9982816004
050 _aJQ 2881 Nat
100 _aMbikusita-Lewanika, Akashambatwa
245 1 4 _aThe hour has come: proceedings of the National Conference on the Multi-party Option held at Garden House Hotel, Lusaka,
_cedited by Akashambatwa Mbikusita-Lewanika
260 _aLusaka
_bZambia Research Foundation
_c1990
300 _axi, 152 pages : illustrations
350 _a0.00
700 _aChitala, Derrick
995 _aSPECIAL COLLECTIONS
_D0.00
_e721341
_FCBU-MAIN LIBRARY (Kitwe)
_H1
_I0.00
_jZAM JQ 2881 LEW
_M2
_UAVAILABLE
_WApr 3, 2008
_y024172
_ZZambiana Collection
995 _aSPECIAL COLLECTIONS
_D0.00
_e721340
_FCBU-MAIN LIBRARY (Kitwe)
_H1
_I300.00
_jZAM JQ 2881 LEW
_M1
_UAVAILABLE
_y009068
_ZZambiana Collection
999 _c76343
_d76343